Vplyv všestranného tlaku na striedavú elektrickú vodivosť polovodičových skiel : Kand.diz.práca : V.odb. 11.20.9 : Obh. 15.03.1979 /

Enregistré dans:
Détails bibliographiques
Auteur principal: Chabanová, Mária (Auteur)
Autres auteurs: Náter, Ivan (Directeur de thèse)
Format: Manuscrit Livre
Publié: Bratislava : SVŠT v Bratislave EF, 1978
Sujets:
Tags: Ajouter un tag
Pas de tags, Soyez le premier à ajouter un tag!

MARC

LEADER 00000ntm a22000003a 4500
001 stu5450
005 20150617225812.0
008 ------s1978----------------------------d
040 |a STU  |b slo 
041 0
100 1 |a Chabanová, Mária  |4 aut 
245 1 |a Vplyv všestranného tlaku na striedavú elektrickú vodivosť polovodičových skiel :  |b Kand.diz.práca : V.odb. 11.20.9 : Obh. 15.03.1979 /  |c [aut.] Chabanová,Mária, Ing.; Škol. Náter,Ivan 
260 |a Bratislava :  |b SVŠT v Bratislave EF,  |c 1978 
300 |a 68 s 
650 7 |a experimentálna fyzika  |2 stusub 
700 1 |a Náter, Ivan  |4 ths 
996 |b 284ED00389  |c E*KDIZ-221  |l EE01  |s A  |a 24  |w stu5450_0001